LEADER 00841nam a2200241 a 4500 001 000000136996 003 CaOOAMICUS 005 20140114114114.0 008 140114s1960 it u000 u ita r 040 $aPUL$bita 100 1 $aMazzolari, Primo,$d1890-1959.$0(OLS)http://pul/name/12563 245 10$aDella tolleranza /$cPrimo Mazzolari. 250 $a2. ed. 260 $aVicenza :$bLa Locusta,$c1960. 300 $a85 p. ;$c18 cm 650 4$aTolleranza.$0(OLS)http://pul/subject/3184 850 $aPUL 852 $aPUL$W1$xDP1 Fondo E. Rossi$y115$m3 A 224$j157960$qFondi$B157370$CPULBib$Z2$F157370 $82 941 1 $a1 961 $aSul dorso collocazione ms. di E. Rossi: CP 74 996 $6245$aDella tolleranza$9(OLS)http://pul/title/173426 996 $6260$aVicenza :$bLa Locusta$9(OLS)http://pul/publisher/55128 LEADER 01172nam a2200289 u 4500 001 000000086750 003 CaOOAMICUS 005 20070226124331.0 008 051003n it u000 u lat u 035 $a11061404 040 $aPUL(R)$bita 041 0 $alat$aita 100 1 $aHoratius Flaccus, Quintus,$d65-8 a.C.$0(OLS)http://pul/name/8724 240 10$aArs poetica$9(Horatius Flaccus, Quintus, 65-8 a.C.).$0(OLS)http://pul/title/112349 245 10$aArte poetica di Orazio /$ccommentata da Augusto Rostagni. 250 $aEdizione minore. 260 $aTorino :$bChiantore,$c[s.d.] 300 $acxii, 132 p. ;$c20 cm 504 $aComprende riferimenti bibliografici. 700 1 $aRostagni, Augusto,$d1892-1961.$0(OLS)http://pul/name/1392 850 $aPUL 852 $aPUL$W1$xDP1 Fondo Cecchetti$y53$m293 G 31$j110097$nBK-PRI$b $qFondi$B110097$CPULBib$Z2$F110097 $HPUL3486 $81 900 $aOrazio,$d65-8 a.C.$98724 900 $aFlaccus, Quintus Horatius,$d65-8 a.C.$98724 941 1 $a1 996 $6245$aArte poetica di Orazio$9(OLS)http://pul/title/112350 996 $6260$aTorino :$bChiantore$9(OLS)http://pul/publisher/48617